000 01603nam0a22003371 4500
001 rc\901030
005 20041129094405.4
035 _a(NLR Aleph) 006251148
090 _a6753169
_c6753169
100 _a20041129d1983 u |0rusy50 ca
101 0 _arus
102 _aRU
105 _aa |||||||||
200 1 _aРабочий класс России от зарождения до начала XX в.
_f[Нарочницкий А.Л., Волин М.С., Иванова Н.А. и др.]
_gРедкол.: Волин М.С. (отв. ред.) и др.
210 _aМ.
_cНаука
_d1983
215 _a575 с., 1 л. портр., 1 л. карт.
_cил.
_d26
225 1 _aИстория рабочего класса СССР
300 _aАвт. указаны в огл.
300 _aВ надзаг.: АН СССР, Ин-т истории СССР, ВЦСПС, Высш. шк. профдвижения
300 _aРедкол. сер.: Хромов С.С., Нарочницкий А.Л. (председатели) и др.
320 _aБиблиогр.: с. 517-546
320 _aБиблиогр. в примеч.: с. 436-484
320 _aУказ. имен, геогр. наз. и предприятий: с. 547-572
701 1 _aНарочницкий
_bА. Л.
_gАлексей Леонтьевич
702 1 _aВолин
_bМ. С.
_gМарк Самойлович
_4340
712 0 2 _aИнститут истории СССР
_cМосква
_3RU\NLR\AUTH\883382
801 0 _aRU
_bNLR
_gpsbo
801 1 _aRU
_bELAR
_2rusmarc
852 _aNLR
_j83-7/1116
942 _cBOOK
980 _aNB